Statistiques concernant Monnaies du monde de A à Z en images

Cliquez ici pour prendre le quiz!

Statistiques générales

  • Ce quiz a été pris 51 fois
  • Le résultat moyen est 8 sur 22

Statistiques - réponses

Réponse% Correct
Dollar américain
96%
Euro
96%
Livre Sterling
88%
Yen
82%
Peso mexicain
71%
Won
61%
Rouble russe
49%
Couronne danoise
47%
Zloty
39%
Bolivar
35%
Shilling kenyan
22%
Gourde
18%
Quetzal
18%
Forint
14%
Afghani
10%
Mark convertible
10%
Hryvnia
8%
Vatu
8%
Kina
4%
Naira
4%
Ouguiya
4%
Tugrik
4%

Distribution des résultats

Percentile par nombre de réponses

% des personnes avec chaque résultat

Votre développement - résultats

Vous n’avez pas pris ce quiz